Analogies #12 - Statistics

General Stats
  • This quiz has been taken 29,150 times
  • The average score is 12 of 20
Answer Stats
This is to this ... As ... % Correct
A is to Z {Alpha} is to Omega
98%
Bride is to Maid of Honor Groom is to {Best} {Man}
83%
Pisces is to Fish Cancer is to {Crab}
77%
A is to Ampere V is to {Volt}
75%
Hermione is to Emma Harry is to {Daniel}
74%
Bigfoot is to United States {Yeti} is to Nepal
73%
Ichthyology is to Fish Ornithology is to {Bird}
72%
Week is to Century Weather is to {Climate}
63%
F is to Foxtrot B is to {Bravo}
62%
Sting is to The Police {Bono} is to U2
62%
Mafia is to Sicily {Yakuza} is to Japan
61%
Underground is to London {Metro} is to Paris
60%
Macau is to Portugal {Hong} {Kong} is to United Kingdom
54%
Bear is to Stocks go Down {Bull} is to Stocks go Up
51%
Vox is to Voice Pax is to {Peace}
44%
Colt is to Filly Stallion is to {Mare}
42%
Antediluvian is to Flood Antebellum is to {War}
40%
New is to Full {Crescent} is to Gibbous
31%
Jail is to Kitchen Brig is to {Galley}
30%
& is to Ampersand ^ is to {Caret}
25%
No matching quizzes found
Score Distribution
Percent of People with Each Score
Percentile by Number Answered
Your Score History
You have not taken this quiz